Sevilla, la luna y yo / (Record no. 108194)

MARC details
000 -LEADER
campo de control de longitud fija 00694nam a2200205 4500
001 - NÚMERO DE CONTROL
campo de control 108194
003 - IDENTIFICADOR DE NÚMERO DE CONTROL
campo de control ES-MaACL
005 - FECHA Y HORA DE LA ÚLTIMA TRANSACCIÓN
campo de control 20231227204705.0
007 - CAMPO FIJO DE DESCRIPCIÓN FÍSICA--INFORMACIÓN GENERAL
campo de control de longitud fija t|
008 - DATOS DE LONGITUD FIJA--INFORMACIÓN GENERAL
campo de control de longitud fija 061121s1964 sp r ||||1| spa d
100 1# - ENTRADA PRINCIPAL--NOMBRE DE PERSONA
Nombre de persona Montaño Montaño, Manuel.
9 (RLIN) 82402
Término indicativo de función/relación Autor
245 10 - MENCIÓN DEL TÍTULO
Título Sevilla, la luna y yo /
Mención de responsabilidad, etc. escribe, Manuel Montaño Montaño ; glosa, Alfredo Marquerie
260 ## - PUBLICACIÓN, DISTRIBUCIÓN, ETC.
Lugar de publicación, distribución, etc. [Sevilla :
Nombre del editor, distribuidor, etc. s.n.,
Fecha de publicación, distribución, etc. 1964] (
Fabricante Escuela Gráfica Salesiana)
300 ## - DESCRIPCIÓN FÍSICA
Extensión 14 h. :
Otras características físicas retr. autor ;
Dimensiones 16 cm.
700 1# - ENTRADA AGREGADA--NOMBRE PERSONAL
Nombre de persona Marquerie, Alfredo,
Fechas asociadas al nombre 1907-1974
Término indicativo de función/relación Autor
9 (RLIN) 76973
852 ## - LOCALIZACIÓN
Ubicación ES-MaACL
Número de control de estantería 2033-F-19
Sublocalización o colección R.54073
942 ## - ELEMENTOS DE ENTRADA SECUNDARIOS (KOHA)
Fuente del sistema de clasificación o colocación Clasificación decimal universal
Tipo de ítem Koha Libro impreso
Suprimir en OPAC No
Holdings
Estatus retirado Estado de pérdida Estado de daño No para préstamo Colección Biblioteca de origen Biblioteca actual Ubicación en estantería Fecha de adquisición Fuente de adquisición Total de préstamos Signatura topográfica completa Código de barras Visto por última vez Precio de reemplazo Tipo de ítem Koha
        Colección de folletos Biblioteca del Ateneo de Madrid Biblioteca del Ateneo de Madrid Depósito folletos 17/01/2008     2033-F-19 1112900 23/02/2023 23/02/2023 Folleto